Представление документа в формате MARC21

Поле Инд. ПП Название Значение
Тип записи a
Библиографический уровень m
001 Контрольный номер 7dec72847ca044409944818acf39ffe5
005 Дата корректировки 20190422154225.7
008 Кодируемые данные 190226|||||||||ru |||||||||||||||||rus||
020 a ISBN 978-82-530-3857-5
020 a ISBN 978-82-530-3858-2 (Vol. 1)
041 0_ a Код языка текста eng
084 a Индекс другой классификации/Индекс ББК 92+26.89(88)
090 a Полочн. индекс 92
x Авторский знак E 54
245 10 a Заглавие Encyclopedia of the Barents Region. Vol. 1 : A-M
c Ответственность ed. Mats-Olov Olsson ; co-ed.: Frederick Backman, Alexey Golubev, Björn Norlin, Lars Ohlsson ; assistant and graphics ed. Lars Elenius
260 a Место издания Oslo
b Издательство Pax Forlag A/S
c Дата издания 2016
300 a Объем 559 p.
b Иллюстрации/ тип воспроизводства il.
583 x Служебное примечание Краеведческий каталог
x Служебное примечание Арктические исследования
650 04 a Основная рубрика Баренцев Евро-Арктический регион-Энциклопедии
651 _4 a Географическое наименование Баренцев регион
651 _4 a Географическое наименование Арктика
651 _4 a Географическое наименование Норвегия
651 _4 a Географическое наименование Евро-Арктический регион
651 _4 a Географическое наименование Финляндия
651 _4 a Географическое наименование Швеция
651 _4 a Географическое наименование Северная Европа
651 _4 a Географическое наименование Мурманская область
651 _4 a Географическое наименование Архангельская область
651 _4 a Географическое наименование Республика Коми
651 _4 a Географическое наименование Ненецкий автономный округ
653 0_ a Ключевые слова Краеведение
a Ключевые слова Исследования арктические
a Ключевые слова География Северной Европы
a Ключевые слова Энциклопедии
900 a Имя макрообъекта скан обложка1
901 t Тип документа m